Napäťovo deformačná analýza pevnosti stavebného žeriavu

Enregistré dans:
Détails bibliographiques
Auteur principal: Kovácsová, Veronika (Auteur)
Autres auteurs: Garan, Martin (Directeur de thèse)
Format: Manuscrit Livre
Langue:slovaque
Publié: 2016
Sujets:
Accès en ligne:http://is.stuba.sk/zp/portal_zp.pl?podrobnosti=108033
Tags: Ajouter un tag
Pas de tags, Soyez le premier à ajouter un tag!

MARC

LEADER 00000ntm a22000003a 4500
001 stuzp55399
003 SK-STU
005 20160719154742.6
007 ta
008 150427s2015----xo-----f-mn---000-0-slo-d
040 |a STU  |b slo 
041 0 |a slo 
100 1 |a Kovácsová, Veronika  |u 020010  |4 aut  |U SjF Strojnícka fakulta  |T SjF Ústav aplikovanej mechaniky a mechatroniky  |X 62764  |U J0010  |Y 801  |7 62764 
242 0 1 |a Stress strain analysis of tower crane Wolffkran 5014 city  |y eng 
245 1 0 |a Napäťovo deformačná analýza pevnosti stavebného žeriavu 
260 |c 2016 
650 4 |a Wolffkran 5014 city  |2 slo 
650 4 |a MKP  |2 slo 
650 4 |a Ansys  |2 slo 
650 4 |a vežový žeriav  |2 slo 
650 4 |a tower crane  |2 eng 
650 4 |a Wolffkran 5014 city  |2 eng 
650 4 |a FEM  |2 eng 
650 4 |a Ansys  |2 eng 
700 1 |a Garan, Martin  |u 020010  |k Z1  |4 ths  |U SjF Strojnícka fakulta  |T SjF Ústav aplikovanej mechaniky a mechatroniky  |X 10008  |U J0010  |Y 801  |7 A000010008 
856 4 |u http://is.stuba.sk/zp/portal_zp.pl?podrobnosti=108033 
SQL |a stuzp55399  |b DBP  |c SLO  |d Napäťovo deformačná analýza pevnosti stavebného žeriavu  |e 62764  |f Kovácsová, Veronika  |g 020010  |h 10008  |i Garan, Martin  |j 20160613  |k 645  |l 02  |m http://is.stuba.sk/zp/portal_zp.pl?podrobnosti=108033  |n B-AMAM  |o 5.1.7. aplikovaná mechanika, 5.2.16. mechatronika